Administration of justice in Bangladesh / (Record no. 17589)

MARC details
000 -LEADER
fixed length control field 01251cam a2200373 a 4500
001 - CONTROL NUMBER
control field 13769959
003 - CONTROL NUMBER IDENTIFIER
control field BDDh-ASL
005 - DATE AND TIME OF LATEST TRANSACTION
control field 20240117062541.0
008 - FIXED-LENGTH DATA ELEMENTS--GENERAL INFORMATION
fixed length control field 170611s2003 bg bs 001 0 eng
010 ## - LIBRARY OF CONGRESS CONTROL NUMBER
LC control number 2004329913
020 ## - INTERNATIONAL STANDARD BOOK NUMBER
International Standard Book Number 9843208153
025 ## - OVERSEAS ACQUISITION NUMBER
Overseas acquisition number B-E-2004-329913; 24
035 ## - SYSTEM CONTROL NUMBER
System control number (DLC) 2004329913
037 ## - SOURCE OF ACQUISITION
Terms of availability Tk400.00 ($20.00 U.S.)
040 ## - CATALOGING SOURCE
Original cataloging agency DLC
Transcribing agency BDDh-ASL
Modifying agency BDDh-ASL
042 ## - AUTHENTICATION CODE
Authentication code lcode
043 ## - GEOGRAPHIC AREA CODE
Geographic area code a-bg---
050 00 - LIBRARY OF CONGRESS CALL NUMBER
Classification number KNG3411
Item number .H35 2003
082 00 - DEWEY DECIMAL CLASSIFICATION NUMBER
Classification number 349.5492
Item number HOA
100 1# - MAIN ENTRY--PERSONAL NAME
Personal name Haka, Kājī Ebādula,
Dates associated with a name 1936-
9 (RLIN) 365
245 10 - TITLE STATEMENT
Title Administration of justice in Bangladesh /
Statement of responsibility, etc. Kazi Ebadul Hoque.
260 ## - PUBLICATION, DISTRIBUTION, ETC.
Place of publication, distribution, etc. Dhaka :
Name of publisher, distributor, etc. Asiatic Society of Bangladesh,
Date of publication, distribution, etc. 2003.
-- 2006.
-- 2017.
300 ## - PHYSICAL DESCRIPTION
Extent ix, 314 p. ;
Dimensions 25 cm.
365 ## - TRADE PRICE
Price type code BDT
Price amount 400
440 ## - SERIES STATEMENT/ADDED ENTRY--TITLE
Title Asiatic Society of Bangladesh publication;
Volume/sequential designation no. 94
9 (RLIN) 312
504 ## - BIBLIOGRAPHY, ETC. NOTE
Bibliography, etc. note Includes bibliographical references (p. [303]-306) and index.
650 #0 - SUBJECT ADDED ENTRY--TOPICAL TERM
Topical term or geographic name entry element Justice, Administration of
Geographic subdivision Bangladesh.
9 (RLIN) 366
650 #0 - SUBJECT ADDED ENTRY--TOPICAL TERM
Topical term or geographic name entry element Courts
Geographic subdivision Bangladesh.
9 (RLIN) 367
650 #0 - SUBJECT ADDED ENTRY--TOPICAL TERM
Topical term or geographic name entry element Judicial statistics
Geographic subdivision Bangladesh.
9 (RLIN) 368
710 1# - ADDED ENTRY--CORPORATE NAME
Corporate name or jurisdiction name as entry element Asiatic Society of Bangladesh.
9 (RLIN) 11
906 ## - LOCAL DATA ELEMENT F, LDF (RLIN)
a 7
b cbc
c origode
d 3
e ncip
f 20
g y-gencatlg
942 ## - ADDED ENTRY ELEMENTS (KOHA)
Source of classification or shelving scheme Dewey Decimal Classification
Koha item type Books
Holdings
Withdrawn status Lost status Source of classification or shelving scheme Damaged status Not for loan Collection code Home library Current library Shelving location Date acquired Source of acquisition Serial Enumeration / chronology Total Checkouts Full call number Barcode Date last seen Copy number Price effective from Koha item type
    Dewey Decimal Classification     Non-fiction Asiatic Society Library Asiatic Society Library ASB Publications 06/11/2017 ASB PublicationS ASP-094   349.5492 HOA 100485 06/11/2017 C-1 06/11/2017 Books
    Dewey Decimal Classification     Non-fiction Asiatic Society Library Asiatic Society Library General Stacks 06/11/2017 ASB Publications ASP-094   349.5492 HOA 100486 06/11/2017 C-2 06/11/2017 Books
    Dewey Decimal Classification     Non-fiction Asiatic Society Library Asiatic Society Library General Stacks 06/11/2017 ASB Publications ASP-094   349.5492 HOA 100487 06/11/2017 C-3 06/11/2017 Books
    Dewey Decimal Classification     Non-fiction Asiatic Society Library Asiatic Society Library General Stacks 06/11/2017 ASB Publications ASP-094   349.5492 HOA 100488 06/11/2017 C-4 06/11/2017 Books
    Dewey Decimal Classification     Non-fiction Asiatic Society Library Asiatic Society Library General Stacks 06/11/2017 ASB Publications ASP-094   349.5492 HOA 100489 06/11/2017 C-5 06/11/2017 Books
    Dewey Decimal Classification     Non-fiction Asiatic Society Library Asiatic Society Library General Stacks 01/23/2021 ASB Publications ASP-094   349.5492 HOA 104661 01/23/2021 C-6 01/23/2021 Books
    Dewey Decimal Classification     Non-fiction Asiatic Society Library Asiatic Society Library General Stacks 01/23/2021 ASB Publications ASP-094   349.5492 HOA 104662 01/23/2021 C-7 01/23/2021 Books
    Dewey Decimal Classification     Non-fiction Asiatic Society Library Asiatic Society Library General Stacks 01/23/2021 ASB Publications ASP-094   349.5492 HOA 104663 01/23/2021 C-8 01/23/2021 Books
    Dewey Decimal Classification     Non-fiction Asiatic Society Library Asiatic Society Library General Stacks 01/23/2021 ASB Publications ASP-094   349.5492 HOA 104664 01/23/2021 C-9 01/23/2021 Books
    Dewey Decimal Classification     Non-fiction Asiatic Society Library Asiatic Society Library General Stacks 01/23/2021 ASB Publications ASP-094   349.5492 HOA 104665 01/23/2021 C-10 01/23/2021 Books
    Dewey Decimal Classification     Non-fiction Asiatic Society Library Asiatic Society Library General Stacks 01/23/2021 ASB Publications ASP-094   349.5492 HOA 104666 01/23/2021 C-11 01/23/2021 Books
    Dewey Decimal Classification     Non-fiction Asiatic Society Library Asiatic Society Library General Stacks 01/23/2021 ASB Publications ASP-094   349.5492 HOA 104667 01/23/2021 C-12 01/23/2021 Books
    Dewey Decimal Classification     Non-fiction Asiatic Society Library Asiatic Society Library General Stacks 01/23/2021 ASB Publications ASP-094   349.5492 HOA 104668 01/23/2021 C-13 01/23/2021 Books
    Dewey Decimal Classification     Non-fiction Asiatic Society Library Asiatic Society Library General Stacks 01/23/2021 ASB Publications ASP-094   349.5492 HOA 104669 01/23/2021 C-14 01/23/2021 Books
    Dewey Decimal Classification     Non-fiction Asiatic Society Library Asiatic Society Library General Stacks 01/23/2021 ASB Publications ASP-094   349.5492 HOA 104670 01/23/2021 C-15 01/23/2021 Books
    Dewey Decimal Classification     Non-fiction Asiatic Society Library Asiatic Society Library General Stacks 01/23/2021 ASB Publications ASP-094   349.5492 HOA 104672 01/23/2021 C-16 01/23/2021 Books

Powered by Koha